Access and the DDA (Record no. 106751)
[ view plain ]
| 000 -LEADER | |
|---|---|
| fixed length control field | 02218cam a2200325 4500 |
| 001 - CONTROL NUMBER | |
| control field | L137366 |
| 008 - FIXED-LENGTH DATA ELEMENTS--GENERAL INFORMATION | |
| fixed length control field | 070330s2007 xxko f f 000 0 eng d |
| 020 ## - INTERNATIONAL STANDARD BOOK NUMBER | |
| International Standard Book Number | 9781842193211 |
| 035 ## - SYSTEM CONTROL NUMBER | |
| System control number | (Sirsi) u137366 |
| 041 0# - LANGUAGE CODE | |
| Language code of text/sound track or separate title | eng |
| 050 04 - LIBRARY OF CONGRESS CALL NUMBER | |
| Classification number | 725.54 $2 18 |
| 100 1# - MAIN ENTRY--PERSONAL NAME | |
| Personal name | Ratcliff, Mark |
| 245 00 - TITLE STATEMENT | |
| Title | Access and the DDA |
| Remainder of title | a surveyor's handbook |
| 260 ## - PUBLICATION, DISTRIBUTION, ETC. | |
| Place of publication, distribution, etc. | Coventry |
| Name of publisher, distributor, etc. | RICS Books |
| Date of publication, distribution, etc. | 2007 |
| 300 ## - PHYSICAL DESCRIPTION | |
| Extent | vi, 131p. |
| Other physical details | ill. |
| Dimensions | 30cm. |
| 350 ## - PRICE (NR) (BK AM CF MU VM SE) [OBSOLETE] | |
| Price | 39.95 |
| 505 2# - FORMATTED CONTENTS NOTE | |
| Formatted contents note | Disability and the DDA -- Surveyors, the DDA and access consultancy services -- Legislation -- Terms of reference under the DDA -- Part III duties and the Disability Equality Duty -- Education provisions under the DDA -- Employment, trade organisations and qualification bodies (Part II) -- Transport provisions under the DDA -- Landlord and tenant -- The Building Regulations (Part M) and the DDA -- Access statements (planning and building control) -- Housing -- Access and historic buildings -- Emergency egress and evacuation -- Access audits and reviews -- Post audit stages: reviewing, preparing and implementation -- Access-related costs |
| 520 ## - SUMMARY, ETC. | |
| Summary, etc. | Written primarily for building surveyors, this handbook provides practical advice on interpreting, understanding and applying the requirements of the Disability Discrimination Act 1995 (DDA) (as amended by the Special Educational Needs and Disability Act 2001 and the Disability Discrimination Act 2005). Focuses mainly on property aspects relating to the DDA , such as compliance with Approved Document M, access statements, and accessible housing. Also provides an access audit checklist with illustrations and diagrams. Bibliography. |
| 520 ## - SUMMARY, ETC. | |
| Summary, etc. | Withdrawn December 2011. |
| 590 ## - LOCAL NOTE (RLIN) | |
| Local note | KA |
| 650 24 - SUBJECT ADDED ENTRY--TOPICAL TERM | |
| Topical term or geographic name entry element | DISABILITY DISCRIMINATION ACT 1995 |
| 650 24 - SUBJECT ADDED ENTRY--TOPICAL TERM | |
| Topical term or geographic name entry element | DISABILITY DISCRIMINATION ACT 2005 |
| 650 24 - SUBJECT ADDED ENTRY--TOPICAL TERM | |
| Topical term or geographic name entry element | SPECIAL EDUCATIONAL NEEDS AND DISABILITY ACT 2001 |
| 650 24 - SUBJECT ADDED ENTRY--TOPICAL TERM | |
| Topical term or geographic name entry element | BUILDING REGULATIONS 2000 APPROVED DOCUMENT M (2004 EDITION) |
| 651 #4 - SUBJECT ADDED ENTRY--GEOGRAPHIC NAME | |
| Geographic name | United Kingdom |
| Chronological subdivision | |
| 690 ## - LOCAL SUBJECT ADDED ENTRY--TOPICAL TERM (OCLC, RLIN) | |
| Topical term or geographic name as entry element | MANAGEMENT-BUSINESS MANAGEMENT-DISCRIMINATION-DISABILITY DISCRIMINATION-ACCESSIBILITY |
| 690 ## - LOCAL SUBJECT ADDED ENTRY--TOPICAL TERM (OCLC, RLIN) | |
| Topical term or geographic name as entry element | BUILT ENVIRONMENT-BUILDING MAINTENANCE AND REFURBISHMENT-BUILDING ADAPTATION |
| 942 ## - ADDED ENTRY ELEMENTS (KOHA) | |
| Suppress in OPAC | 0 |
| Withdrawn status | Lost status | Source of classification or shelving scheme | Damaged status | Not for loan | Home library | Current library | Shelving location | Date acquired | Total Checkouts | Full call number | Barcode | Date last seen | Copy number | Price effective from | Koha item type | Date last checked out |
|---|---|---|---|---|---|---|---|---|---|---|---|---|---|---|---|---|
| Dewey Decimal Classification | London | London | RICS Boxes | 05/06/2007 | RICS 2007/22 | 30073938 | 06/08/2019 | 1 | 06/08/2019 | Archive | ||||||
| Dewey Decimal Classification | London | London | RICS Boxes | 05/06/2007 | F725.54 RAT | 30073939 | 06/08/2019 | 1 | 06/08/2019 | Reference material | ||||||
| Dewey Decimal Classification | London | London | RICS Boxes | 05/06/2007 | 15 | F725.54 RAT | 30073941 | 06/08/2019 | 3 | 06/08/2019 | Book | 22/10/2009 | ||||
| Dewey Decimal Classification | London | London | RICS Boxes | 27/07/2007 | 11 | F725.54 RAT | 30074176 | 06/08/2019 | 4 | 06/08/2019 | Book | 23/07/2009 |